Todo lo que hay que saber sobre el espacio /

Wedi'i Gadw mewn:
Manylion Llyfryddiaeth
Prif Awdur: Davis, Kenneth C. (autor)
Fformat: Llyfr
Iaith:Sbaeneg
Cyhoeddwyd: Barcelona, España : Oniro, 2004, c2004
Pynciau:
Tagiau: Ychwanegu Tag
Dim Tagiau, Byddwch y cyntaf i dagio'r cofnod hwn!

MARC

LEADER 00000nam^a2200000^a^4500
001 000165647
005 20250521000000.0
009 20260310101025.412
020 |a 84-9754-097-2 
037 |a Acervo ITESO - Biblioteca 
041 |a ESP 
082 |a 372. 3  |b DAV 
100 |a Davis, Kenneth C.  |e (autor) 
245 1 0 |a Todo lo que hay que saber sobre el espacio /  |c K.C. Davis. 
264 4 |a Barcelona, España :  |b Oniro,  |c 2004, c2004 
300 |a 137 p. 
336 |a texto  |b txt  |2 rdacontenido 
337 |a sin mediación  |b n  |2 rdamedio 
338 |a volumen  |b nc  |2 rdasoporte 
500 |a Traducción de: Don't Know Much About Space 
649 |a XX 
650 |a Planetas 
650 |a Sol 
650 |a Sistema Solar 
650 |a Estrellas 
650 |a Universo 
650 |a Cosmología 
650 |a Astronomía -  |x Estudio y Enseñanza 
650 |a Ciencia -  |x Estudio y Enseñanza 
910 |a Fondo General 
920 |a Impresos - Libros 
930 |a Colección General 
905 |a 101 
901 |a 0500101125  |b IT1  |c ACC  |u 20250521 
902 |a https://opac.biblio.iteso.mx/vufind/Record/000165647